000 00519nam a2200193Ia 4500
008 151121s9999||||xx |||||||||||||| ||und||
082 _a081/BLA
082 _bHNW-66144
100 _aBlavatsky H। P।
245 _aC। W। Miscellaneous-Vol-XIV
260 _bTheosophical Pub। House।
260 _c--
300 _a733
600 _aBlavatsky H। P।
630 _aC। W। Miscellaneous-Vol-XIV
700 _aBlavatsky H। P।
730 _aC। W। Miscellaneous-Vol-XIV
942 _cBOOK
999 _c1247641
_d1247638